[Event "Vecindario Montalvo Memorial 16th"]
[Site "Vecindario"]
[Date "2024.03.30"]
[Round "8"]
[White "Perez Guerra, Raul"]
[Black "Barlov, Dragan"]
[Result "1-0"]
[WhiteElo "2250"]
[BlackElo "2387"]
[PlyCount "65"]
[EventDate "2024.03.23"]
[EventType "swiss"]
[EventRounds "9"]
[EventCountry "ESP"]
[SourceTitle "CB15_2024"]
[SourceDate "2024.04.10"]
[SourceVersion "1"]
[SourceVersionDate "2024.04.10"]
[SourceQuality "1"]

1. e4 e6 2. d4 d5 3. exd5 exd5 4. Nc3 c6 5. Bd3 Bd6 6. Nge2 Ne7 7. Ng3 Qb6 8. Nce2 0-0 9. c3 c5 10. dxc5 Bxc5 11. 0-0 Nbc6 12. b4 Bd6 13. Be3 Qc7 14. Nd4 Bf4 15. Nb5 Qb8 16. Re1 Bxe3 17. Rxe3 a6 18. Nd4 Nxd4 19. Rxe7 Nc6 20. Re3 g6 21. Qf3 Qd6 22. Rd1 Be6 23. Qf6 Qd8 24. Qf4 Bd7 25. Nh5 f5 26. Qh6 Rf7 27. Nf4 Ne7 28. Bc2 Bc6 29. c4 d4 30. Ne6 Qb6 31. Rxd4 Qxb4 32. Bb3 Be4 33. c5 1-0

[Event "Vecindario Montalvo Memorial 16th"]
[Site "Vecindario"]
[Date "2024.03.26"]
[Round "4"]
[White "Perez Guerra, Raul"]
[Black "Lianes Garcia, Marcos"]
[Result "1/2-1/2"]
[WhiteElo "2250"]
[BlackElo "2398"]
[PlyCount "40"]
[EventDate "2024.03.23"]
[EventType "swiss"]
[EventRounds "9"]
[EventCountry "ESP"]
[SourceTitle "CB15_2024"]
[SourceDate "2024.04.10"]
[SourceVersion "1"]
[SourceVersionDate "2024.04.10"]
[SourceQuality "1"]

1. e4 c5 2. Nf3 Nf6 3. Nc3 d5 4. exd5 Nxd5 5. Bc4 Nb6 6. Bb5+ Bd7 7. Bxd7+ Qxd7 8. d4 cxd4 9. Qxd4 Nc6 10. Qxd7+ Nxd7 11. Be3 e6 12. 0-0-0 Bc5 13. Rhe1 Rd8 14. Ne4 Bxe3+ 15. Rxe3 Ke7 16. Nd6 b6 17. Nf5+ Kf6 18. Nd6 Ke7 19. Nf5+ Kf6 20. Nd6 Ke7 1/2-1/2

[Event "Vecindario Montalvo Memorial 16th"]
[Site "Vecindario"]
[Date "2024.03.23"]
[Round "1"]
[White "Camara Bordon, Luis Marcos"]
[Black "Perez Guerra, Raul"]
[Result "0-1"]
[WhiteElo "1718"]
[BlackElo "2250"]
[PlyCount "75"]
[EventDate "2024.03.23"]
[EventType "swiss"]
[EventRounds "9"]
[EventCountry "ESP"]
[SourceTitle "CB15_2024"]
[SourceDate "2024.04.10"]
[SourceVersion "1"]
[SourceVersionDate "2024.04.10"]
[SourceQuality "1"]

1. e4 e6 2. d4 d5 3. exd5 exd5 4. c4 Nf6 5. Nc3 Be7 6. Nf3 0-0 7. Bd3 dxc4 8. Bxc4 Nbd7 9. 0-0 Nb6 10. Be2 c6 11. Bf4 Bg4 12. Ne5 Bxe2 13. Nxe2 Nbd5 14. Bg5 h6 15. Bh4 Qb6 16. a4 a5 17. Qc2 Rad8 18. Nc4 Qa6 19. Rfc1 Nc7 20. Qf5 Rd5 21. Qf3 Ne6 22. Bxf6 Bxf6 23. Ra3 Nxd4 24. Nxd4 Rxd4 25. Ne3 Rfd8 26. Nf5 Rd3 27. Qg4 Kh8 28. Qh5 R8d5 29. g4 Rd1+ 30. Rxd1 Rxd1+ 31. Kg2 Qf1+ 32. Kg3 Be5+ 33. Kf3 Qh1+ 34. Ke3 Re1+ 35. Kd2 Bf4+ 36. Ne3 Qf1 37. Qh4 Rd1+ 38. Kc2 0-1

[Event "ESP-ch U18"]
[Site "Salobrena"]
[Date "2023.08.05"]
[Round "9"]
[White "Perez Guerra, Raul"]
[Black "Tabuenca Mendataurigoitia, Daniel"]
[Result "0-1"]
[WhiteElo "2231"]
[BlackElo "2358"]
[PlyCount "110"]
[EventDate "2023.07.31"]
[EventType "swiss"]
[EventRounds "9"]
[EventCountry "ESP"]
[SourceTitle "CBM 215 Extra"]
[Source "ChessBase"]
[SourceDate "2023.09.30"]
[SourceVersion "1"]
[SourceVersionDate "2023.09.30"]
[SourceQuality "1"]

1. c4 e5 2. g3 c6 3. Nf3 e4 4. Nd4 Qb6 5. e3 Nf6 6. Nc3 Na6 7. d3 Nc5 8. dxe4 Ncxe4 9. Nxe4 Nxe4 10. a3 d5 11. cxd5 Qa5+ 12. Bd2 Nxd2 13. Qxd2 Qxd5 14. Rg1 Bd7 15. Bg2 Qh5 16. Bf3 Qg6 17. 0-0-0 Rd8 18. Qa5 Be7 19. g4 0-0 20. Nf5 Qe6 21. Nxe7+ Qxe7 22. g5 b6 23. Qc3 c5 24. h4 f6 25. Bd5+ Kh8 26. f4 b5 27. gxf6 Rxf6 28. Qe5 Qf8 29. Rg3 Rf5 30. Qc7 Rf6 31. Rdg1 Rd6 32. e4 Rc8 33. Rxg7 Rxd5 34. Rg8+ Qxg8 35. Rxg8+ Kxg8 36. Qb7 Rd4 37. h5 Rd8 38. h6 Kf8 39. f5 Re8 40. e5 Rxe5 41. Qb8+ Re8 42. Qg3 Ke7 43. Qg7+ Kd6 44. Qxh7 Re1+ 45. Kc2 Re5 46. Qg6+ Kc7 47. h7 Bxf5+ 48. Qxf5 Rxf5 49. h8Q Rf2+ 50. Kc3 Rfd2 51. Qe5+ Kc6 52. Qe6+ Kb7 53. Qe7+ Kb6 54. Qe6+ Rd6 55. Qf5 c4 0-1

[Event "ESP-ch U18"]
[Site "Salobrena"]
[Date "2023.08.03"]
[Round "6"]
[White "Macias Pino, Diego"]
[Black "Perez Guerra, Raul"]
[Result "1-0"]
[WhiteElo "2433"]
[BlackElo "2231"]
[PlyCount "123"]
[EventDate "2023.07.31"]
[EventType "swiss"]
[EventRounds "9"]
[EventCountry "ESP"]
[SourceTitle "CBM 215 Extra"]
[Source "ChessBase"]
[SourceDate "2023.09.30"]
[SourceVersion "1"]
[SourceVersionDate "2023.09.30"]
[SourceQuality "1"]

1. e4 e6 2. d4 d5 3. Nd2 c5 4. Ngf3 cxd4 5. Nxd4 Nc6 6. Bb5 Bd7 7. Nxc6 bxc6 8. Bd3 Bd6 9. Nf3 Qc7 10. Qe2 e5 11. exd5 cxd5 12. Nxe5 Bxe5 13. f4 f6 14. 0-0 Ne7 15. fxe5 Qxe5 16. Qf2 Qd6 17. Re1 Kf7 18. c4 Rac8 19. Bf4 Qb6 20. c5 Qb7 21. Bd6 Rce8 22. b4 Nc8 23. Bf4 Qxb4 24. Rec1 Bc6 25. a4 Qb7 26. Rab1 Qd7 27. a5 Re7 28. Qh4 Ree8 29. a6 Ne7 30. Qf2 Rhf8 31. Bd6 Kg8 32. Re1 Rf7 33. Qh4 g6 34. Rf1 Kg7 35. Qd4 Nc8 36. Bg3 Re6 37. Rb2 Qe7 38. Rb8 Rf8 39. Rfb1 Qf7 40. Qg4 f5 41. Qd4+ Kh6 42. Qh4+ Kg7 43. R1b7 Bxb7 44. axb7 f4 45. bxc8Q Rxc8 46. Rxc8 fxg3 47. Qxg3 a5 48. h3 Qf6 49. Kh2 a4 50. Bb5 h5 51. Rc7+ Kh6 52. h4 Re4 53. Qg5+ Qxg5 54. hxg5+ Kxg5 55. Ra7 Rb4 56. Bd7 d4 57. c6 d3 58. c7 d2 59. c8Q Rh4+ 60. Kg3 d1Q 61. Qd8+ Kh6 62. Qh8+ 1-0

[Event "Lorca Christmas op"]
[Site "Lorca"]
[Date "2022.12.30"]
[Round "8"]
[White "Perez Guerra, Raul"]
[Black "Materia, Marco"]
[Result "0-1"]
[WhiteElo "2239"]
[BlackElo "2396"]
[PlyCount "74"]
[EventDate "2022.12.26"]
[EventType "swiss"]
[EventRounds "9"]
[EventCountry "ESP"]
[SourceTitle "CBM 211 Extra"]
[Source "ChessBase"]
[SourceDate "2023.01.31"]
[SourceVersion "1"]
[SourceVersionDate "2023.01.31"]
[SourceQuality "1"]

1. e4 c5 2. Nc3 e6 3. g3 d5 4. exd5 exd5 5. d4 cxd4 6. Qxd4 Nf6 7. Bg5 Nc6 8. Qa4 Bb4 9. Nge2 Bg4 10. Bg2 Bxe2 11. Kxe2 Bxc3 12. bxc3 0-0 13. Rhe1 h6 14. Bxf6 Qxf6 15. Bxd5 Rfd8 16. Bxc6 bxc6 17. Qc4 Rd5 18. Rac1 Rad8 19. Kf1 Rd2 20. Qf4 Qxf4 21. gxf4 R2d5 22. Re7 Rf5 23. Rxa7 Rxf4 24. Re1 Rd5 25. Rc7 Rh5 26. Kg2 Rg4+ 27. Kf3 f5 28. Re8+ Kh7 29. Rxc6 Rxh2 30. c4 Rh3+ 31. Ke2 Rc3 32. Kd2 Rf3 33. Re2 h5 34. c5 h4 35. Re3 Rxe3 36. Kxe3 h3 37. f3 Rg1 0-1

[Event "ESP-ch 87th"]
[Site "Linares"]
[Date "2022.08.18"]
[Round "9"]
[White "Perez Guerra, Raul"]
[Black "Tejedor Fuente, Enrique"]
[Result "1-0"]
[WhiteElo "2341"]
[BlackElo "2387"]
[PlyCount "105"]
[EventDate "2022.08.11"]
[EventType "swiss"]
[EventRounds "9"]
[EventCountry "ESP"]
[SourceTitle "CBM 209 Extra"]
[Source "ChessBase"]
[SourceDate "2022.09.30"]
[SourceVersion "1"]
[SourceVersionDate "2022.09.30"]
[SourceQuality "1"]

1. e4 c5 2. Nc3 Nc6 3. g3 g6 4. Bg2 Bg7 5. Nge2 d6 6. d3 Rb8 7. a4 a6 8. 0-0 h5 9. h3 e6 10. Be3 Nd4 11. Qd2 Ne7 12. Nc1 0-0 13. Nd1 e5 14. c3 Ne6 15. Ne2 f5 16. d4 h4 17. d5 Nc7 18. b4 cxb4 19. Bb6 f4 20. gxf4 exf4 21. Nxf4 Qd7 22. Rc1 b3 23. c4 b2 24. Rb1 g5 25. Nh5 Be5 26. Qxg5+ Kf7 27. f4 Bh8 28. e5 Rg8 29. Nf6 Rxg5 30. Nxd7 Rxg2+ 31. Kxg2 Bxd7 32. Bxc7 Rg8+ 33. Kh2 Rg3 34. e6+ Bxe6 35. dxe6+ Kxe6 36. Nxb2 Kd7 37. Ba5 Rb3 38. Nd3 Rxd3 39. Rxb7+ Ke8 40. Rb8+ Kf7 41. Rxh8 Nf5 42. Rf2 Rd1 43. Rh5 Ne3 44. Rxh4 Nxc4 45. Bc3 Rd3 46. Bb2 Rb3 47. Bd4 Rb4 48. a5 Ra4 49. f5 Ne5 50. f6 Ng6 51. Rh7+ Ke6 52. f7 Rxd4 53. Rh6 1-0

[Event "ESP-ch U18 Rapid"]
[Site "Salobrena"]
[Date "2022.08.06"]
[Round "4"]
[White "Perez Guerra, Raul"]
[Black "Habans Aguerrea, Javier"]
[Result "1/2-1/2"]
[WhiteElo "1992"]
[BlackElo "1768"]
[PlyCount "90"]
[EventDate "2022.08.06"]
[EventType "swiss (rapid)"]
[EventRounds "9"]
[EventCountry "ESP"]
[SourceTitle "EXT 2023"]
[Source "ChessBase"]
[SourceDate "2022.10.05"]
[SourceVersion "1"]
[SourceVersionDate "2022.10.05"]
[SourceQuality "1"]

1. e4 c6 2. d4 d5 3. e5 c5 4. Nf3 Bg4 5. dxc5 Nc6 6. Be3 e6 7. c3 Bxf3 8. Qxf3 Nxe5 9. Bb5+ Nc6 10. Nd2 Nge7 11. Rd1 Nf5 12. 0-0 Be7 13. c4 Nxe3 14. Qxe3 0-0 15. cxd5 exd5 16. Nb3 Bf6 17. Qf3 Bxb2 18. Rxd5 Qc7 19. Rfd1 Rad8 20. g3 Bf6 21. Rd6 Ne5 22. Qe4 a6 23. Bf1 Nc6 24. Bh3 Rde8 25. Qd5 Re5 26. Qc4 Na5 27. Nxa5 Rxc5 28. Qg4 Qxa5 29. Rd7 Rc7 30. R7d6 Rc6 31. Rxc6 bxc6 32. Rd6 Kh8 33. Rxc6 Qxa2 34. Rc8 Qb1+ 35. Bf1 Be7 36. Rxf8+ Bxf8 37. Qc8 Qb4 38. Bxa6 Qe7 39. Bd3 g6 40. Kg2 Kg7 41. Qc4 Qf6 42. Qe4 Bc5 43. Qf3 Qd4 44. h4 h5 45. Bc2 Qf6 1/2-1/2

[Event "Lorca op 10th"]
[Site "Lorca"]
[Date "2021.12.27"]
[Round "3"]
[White "Perez Guerra, Raul"]
[Black "Quintiliano Pinto, Renato Rodrigues"]
[Result "0-1"]
[WhiteElo "2286"]
[BlackElo "2466"]
[PlyCount "95"]
[EventDate "2021.12.26"]
[EventType "swiss"]
[EventRounds "9"]
[EventCountry "ESP"]
[SourceTitle "CBM 205 Extra"]
[Source "ChessBase"]
[SourceDate "2022.01.31"]
[SourceVersion "1"]
[SourceVersionDate "2022.01.31"]
[SourceQuality "1"]

1. e4 c5 2. Nc3 Nc6 3. g3 g6 4. Bg2 Bg7 5. Nge2 d6 6. d3 Rb8 7. 0-0 b5 8. a3 a5 9. a4 bxa4 10. Nxa4 e6 11. Bd2 Nge7 12. Bc3 Nd4 13. Qd2 Nec6 14. f4 0-0 15. Kh1 Bb7 16. b3 Ba8 17. Ng1 Nb4 18. Rac1 Qd7 19. Nb2 Na2 20. Bxd4 Bxd4 21. Ra1 Bc3 22. Qd1 Nb4 23. Rb1 Bg7 24. Nc4 d5 25. exd5 exd5 26. Ne5 Bxe5 27. fxe5 d4 28. Bxa8 Rxa8 29. Rf6 Qe7 30. Qf3 Rae8 31. Rf1 Nxc2 32. Nh3 Ne3 33. Rf2 Qxe5 34. Rxf7 Nf5 35. Rxf8+ Rxf8 36. Nf4 Ne3 37. Kg1 Qb8 38. Qe4 Qxb3 39. h3 Qf7 40. Rb2 Qf5 41. Qe6+ Qxe6 42. Nxe6 Rc8 43. Kh1 a4 44. Kg1 c4 45. dxc4 Nxc4 46. Rb1 d3 47. Kf2 d2 48. Rd1 0-1

[Event "La Roda op 47th"]
[Site "La Roda"]
[Date "2021.12.08"]
[Round "9"]
[White "Munoz Avila, Jose Luis"]
[Black "Perez Guerra, Raul"]
[Result "1-0"]
[WhiteElo "2186"]
[BlackElo "2286"]
[PlyCount "127"]
[EventDate "2021.12.04"]
[EventType "swiss"]
[EventRounds "9"]
[EventCountry "ESP"]
[SourceTitle "CBM 205 Extra"]
[Source "ChessBase"]
[SourceDate "2022.01.31"]
[SourceVersion "1"]
[SourceVersionDate "2022.01.31"]
[SourceQuality "1"]

1. d4 d5 2. Nf3 Nf6 3. c4 e6 4. g3 Be7 5. Bg2 0-0 6. Qc2 dxc4 7. Nbd2 c6 8. Nxc4 b5 9. Nce5 Bb7 10. Bd2 Qb6 11. Rc1 Nfd7 12. Nd3 Na6 13. b4 Rad8 14. 0-0 Rfe8 15. Bc3 Nf6 16. a3 Nb8 17. Rfe1 Nbd7 18. Nd2 Bd6 19. Nb3 Ba8 20. Na5 Rc8 21. e3 e5 22. dxe5 Nxe5 23. Bd4 Qc7 24. Nc5 Qe7 25. f4 Neg4 26. e4 Bc7 27. Nab3 Bb6 28. Rcd1 Rcd8 29. Qb2 Bb7 30. h3 Nh6 31. g4 Nfxg4 32. hxg4 Nxg4 33. Bf3 Bc8 34. Qg2 h5 35. f5 Qh4 36. Bxg4 hxg4 37. Bf2 Qh5 38. Qh2 Qg5 39. Qh4 Qf4 40. Qg3 Qg5 41. Be3 Qh5 42. Kg2 Rxd1 43. Rxd1 Bc7 44. Bf4 Bxf4 45. Qxf4 Qh3+ 46. Kf2 Bxf5 47. Qxf5 g3+ 48. Kf3 Qh2 49. Rd2 Qg1 50. Rg2 Qb1 51. Kxg3 Rd8 52. Qf2 Rd6 53. e5 Rg6+ 54. Kf4 Rh6 55. Rg1 Qh7 56. Nd4 Rh4+ 57. Ke3 Qh6+ 58. Kd3 Qh5 59. Rxg7+ Kh8 60. Rg1 Rh3+ 61. Kd2 Rh2 62. Rg2 Qg5+ 63. Rxg5 Rxf2+ 64. Kc3 1-0

[Event "ESP-ch 86th"]
[Site "Linares"]
[Date "2021.08.24"]
[Round "9"]
[White "Vega Gutierrez, Sabrina Neide"]
[Black "Perez Guerra, Raul"]
[Result "1/2-1/2"]
[WhiteElo "2392"]
[BlackElo "2221"]
[PlyCount "68"]
[EventDate "2021.08.16"]
[EventType "swiss"]
[EventRounds "9"]
[EventCountry "ESP"]
[SourceTitle "CBM 204 Extra"]
[Source "ChessBase"]
[SourceDate "2021.11.30"]
[SourceVersion "1"]
[SourceVersionDate "2021.11.30"]
[SourceQuality "1"]

1. e4 e6 2. d4 d5 3. Nc3 Nf6 4. Bg5 Be7 5. e5 Nfd7 6. h4 0-0 7. Bd3 c5 8. Qh5 g6 9. Qh6 cxd4 10. Nf3 Re8 11. Bxe7 Qxe7 12. Nb5 Nc6 13. Nc7 Ncxe5 14. Nxe5 Nxe5 15. Nxe8 Qxe8 16. h5 Qe7 17. hxg6 fxg6 18. Qh4 Nc6 19. f4 Bd7 20. 0-0-0 Qg7 21. Bb5 Rb8 22. Qf2 a6 23. Bxc6 bxc6 24. Qxd4 c5 25. Qe5 Rb4 26. Rhf1 Qxe5 27. fxe5 Rg4 28. Rg1 Kg7 29. Rde1 h5 30. g3 Kh6 31. Kd2 Kg5 32. c3 Bb5 33. Re3 Ra4 34. a3 Kg4 1/2-1/2

[Event "ESP-ch 86th"]
[Site "Linares"]
[Date "2021.08.18"]
[Round "3"]
[White "Ortega Ruiz, Jose Miguel"]
[Black "Perez Guerra, Raul"]
[Result "1/2-1/2"]
[WhiteElo "2322"]
[BlackElo "2221"]
[PlyCount "107"]
[EventDate "2021.08.16"]
[EventType "swiss"]
[EventRounds "9"]
[EventCountry "ESP"]
[SourceTitle "CBM 204 Extra"]
[Source "ChessBase"]
[SourceDate "2021.11.30"]
[SourceVersion "1"]
[SourceVersionDate "2021.11.30"]
[SourceQuality "1"]

1. d4 d5 2. c4 e6 3. Nf3 Nf6 4. g3 Be7 5. Bg2 0-0 6. 0-0 dxc4 7. Qc2 a6 8. Qxc4 b5 9. Qc2 Bb7 10. Bd2 Nbd7 11. Ba5 Rc8 12. Rc1 Bd6 13. Nbd2 Qe7 14. e4 e5 15. Nh4 g6 16. dxe5 Nxe5 17. f4 Nc6 18. e5 Nxa5 19. Bxb7 Nxb7 20. exf6 Qxf6 21. Ne4 Qd4+ 22. Kg2 Rfe8 23. Re1 Bf8 24. Rad1 Qb6 25. Nf3 Nc5 26. Nxc5 Qxc5 27. Qxc5 Bxc5 28. Ne5 Bb4 29. Re4 Bd6 30. Rde1 Kg7 31. Kf3 Re6 32. Nc6 Rxe4 33. Rxe4 Kf8 34. g4 g5 35. fxg5 Bxh2 36. Re1 Re8 37. Rh1 Be5 38. b3 Re6 39. Rc1 Kg7 40. Rc5 Bd6 41. Rd5 Kg6 42. a4 Bh2 43. axb5 axb5 44. Nd4 Re5 45. Rxe5 Bxe5 46. Nxb5 Kxg5 47. b4 Kf6 48. Ke4 Ke6 49. Na7 Bc3 50. Nc6 Kd6 51. Nd8 f6 52. b5 Kd7 53. Nc6 Kd6 54. Nd8 1/2-1/2

[Event "ESP-ch U18"]
[Site "Salobrena"]
[Date "2021.07.27"]
[Round "3"]
[White "Perez Guerra, Raul"]
[Black "Maldonado Mena, German"]
[Result "1-0"]
[WhiteElo "2205"]
[BlackElo "2015"]
[PlyCount "96"]
[EventDate "2021.07.26"]
[EventType "swiss"]
[EventRounds "9"]
[EventCountry "ESP"]
[SourceTitle "CBM 203 Extra"]
[Source "ChessBase"]
[SourceDate "2021.09.30"]
[SourceVersion "1"]
[SourceVersionDate "2021.09.30"]
[SourceQuality "1"]

1. e4 c5 2. Nc3 Nc6 3. g3 Nf6 4. Bg2 e6 5. Nf3 d5 6. exd5 exd5 7. d3 d4 8. Ne2 Be7 9. 0-0 0-0 10. Bg5 h6 11. Bxf6 Bxf6 12. Nf4 Ne5 13. h3 Bd7 14. Re1 Re8 15. Nh5 Bc6 16. Nxe5 Bxg2 17. Kxg2 Bxe5 18. Qg4 Qg5 19. Re2 Qxg4 20. hxg4 Re6 21. Rae1 Rae8 22. Kf3 g6 23. Nf4 Bxf4 24. Rxe6 fxe6 25. gxf4 Kf7 26. Ke4 Kf6 27. Rh1 e5 28. f5 h5 29. fxg6 hxg4 30. Rg1 Kxg6 31. Rxg4+ Kf6 32. Kd5 Rd8+ 33. Ke4 Rh8 34. Rg2 b5 35. f3 c4 36. Kd5 Rc8 37. Rh2 a5 38. Ke4 b4 39. Rh6+ Kg5 40. Re6 cxd3 41. cxd3 Rc2 42. Rxe5+ Kf6 43. Rxa5 Rxb2 44. Kxd4 Rc2 45. Rb5 Rxa2 46. Rxb4 Re2 47. Rb6+ Kf5 48. Rb8 Ke6 1-0

[Event "ESP-ch U16"]
[Site "Salobrena"]
[Date "2021.07.21"]
[Round "5"]
[White "Follana Albelda, Lucia"]
[Black "Perez Guerra, Raul"]
[Result "0-1"]
[WhiteElo "1911"]
[BlackElo "2205"]
[PlyCount "90"]
[EventDate "2021.07.19"]
[EventType "swiss"]
[EventRounds "9"]
[EventCountry "ESP"]
[SourceTitle "EXT 2022"]
[Source "ChessBase"]
[SourceDate "2021.10.06"]
[SourceVersion "1"]
[SourceVersionDate "2021.10.06"]
[SourceQuality "1"]

1. e4 e6 2. d4 d5 3. Bd3 dxe4 4. Bxe4 Nf6 5. Bf3 c5 6. Ne2 cxd4 7. Qxd4 Qc7 8. Bf4 Qa5+ 9. Nbc3 Nc6 10. Bxc6+ bxc6 11. 0-0 Ba6 12. Rfd1 Bc5 13. Qe5 Bxf2+ 14. Kh1 Qxe5 15. Bxe5 Ng4 16. Bxg7 Rg8 17. Bd4 c5 18. Bxf2 Nxf2+ 19. Kg1 Nxd1 20. Rxd1 Bxe2 21. Nxe2 Rd8 22. Rc1 Ke7 23. a3 c4 24. b3 cxb3 25. cxb3 Rc8 26. Rb1 Rc2 27. Kf1 Rd8 28. a4 Rdd2 29. Re1 Rb2 30. h4 Rxb3 31. g3 Rf3+ 32. Kg2 Re3 33. Kf2 Re4 34. a5 Kd6 35. Kf3 Rexe2 36. Rxe2 Rxe2 37. Kxe2 f5 38. Ke3 e5 39. Kf3 Kd5 40. g4 fxg4+ 41. Kxg4 Kd4 42. Kh5 e4 43. Kh6 e3 44. Kxh7 e2 45. a6 e1Q 0-1

[Event "ESP-ch U16"]
[Site "Salobrena"]
[Date "2021.07.20"]
[Round "3"]
[White "Vesga Izeta, Markel"]
[Black "Perez Guerra, Raul"]
[Result "1/2-1/2"]
[WhiteElo "1925"]
[BlackElo "2205"]
[PlyCount "89"]
[EventDate "2021.07.19"]
[EventType "swiss"]
[EventRounds "9"]
[EventCountry "ESP"]
[SourceTitle "EXT 2022"]
[Source "ChessBase"]
[SourceDate "2021.10.06"]
[SourceVersion "1"]
[SourceVersionDate "2021.10.06"]
[SourceQuality "1"]

1. d4 d5 2. c4 e5 3. dxe5 d4 4. a3 Nc6 5. e3 Be6 6. Nf3 dxe3 7. Qxd8+ Rxd8 8. Bxe3 Nh6 9. Nc3 Ng4 10. Nb5 Rd7 11. Nbd4 Nxe3 12. fxe3 Re7 13. Nxc6 bxc6 14. Be2 Bd7 15. Kf2 g6 16. Rhd1 Bg7 17. Rd3 0-0 18. Rb3 a6 19. Rd1 c5 20. Rd5 Bc6 21. Rxc5 Bxf3 22. gxf3 Bxe5 23. f4 Bg7 24. Ra5 Re6 25. Bf3 Rd8 26. Rd5 Rxd5 27. Rb8+ Bf8 28. cxd5 Rb6 29. Rxb6 cxb6 30. Ke2 f6 31. Kd3 Kf7 32. h3 Bd6 33. a4 f5 34. Be2 Ke7 35. Kd4 Bc5+ 36. Kd3 Bd6 37. Kc3 a5 38. Kd3 Bc5 39. e4 fxe4+ 40. Kxe4 Kf6 41. Bd3 Bd6 42. Be2 Bc7 43. Bg4 Bd6 44. Be6 Bc7 45. b3 1/2-1/2